| 000 | 01148nam a22002537a 4500 | ||
|---|---|---|---|
| 003 | OSt | ||
| 005 | 20260227104123.0 | ||
| 008 | 231002b ||||| |||| 00| 0 eng d | ||
| 040 | _c0 | ||
| 082 | _aDPer 658.3005 H880 February-November 2020 v. 23 n. 1-5 | ||
| 100 |
_aJustice, Sean B. _eauthor. _949363 |
||
| 245 |
_aOperationalizing reflection in experience-based workplace learning : _ba hybrid approach / _cSean B. Justice, April Bang, Henritte Lundgren, Victoria J. Marsick, Rob F. Poell, and Lyle Yorks. |
||
| 260 |
_aUnited Kingdom ; _bTaylor & Francis Group , _cFebruary 2020. |
||
| 300 |
_aVolume 23, pages 66-87 : _billustration ; _c25 cm. |
||
| 500 | _aHuman Resource Development International Enhancing, performance, learning and integrity, vol. 23, no. 1, pages 66-87, February 2020. | ||
| 650 |
_aWork environment. _949364 |
||
| 700 |
_aJustice, Sean B. _eauthor. _949363 |
||
| 700 |
_aBang, April. _eauthor. _949365 |
||
| 700 |
_aLundgren, Henritte. _eauthor. _949366 |
||
| 700 |
_aMarsick, Victoria J. _eauthor. _949367 |
||
| 700 |
_aPoell, Rob F. _eauthor. _949368 |
||
| 700 |
_aYorks, Lyle. _eauthor. _949369 |
||
| 942 |
_2ddc _cPER |
||
| 999 |
_c18275 _d18275 |
||